000 00512nam a2200205 a 4500
001 BRCA_7007
005 20190320205657.0
008 231111s1945----nyu#######---#000-0#eng-#
041 _aeng
044 _anyu
100 1 _aDe Kruif, Paul Henry
_917434
245 1 0 _aThe male hormone
_cby Paul de Kruif
260 _aNueva York
_bHarcourt Brace
_c1945
300 _a234 p.
_c21 cm.
500 _aIncluye índice onomástico
500 _aI167
650 1 4 _aHormonas
_917435
902 _aGFM
942 _2lcc
_cB
999 _c6688
_d6688